00186nam a22000857a 4500082002000000100001500020245002400035260003100059300001000090 aTNC T39x54 D169 aDutt, A.K. aGlobal urbanization aAllahabadbDubey Founation a167p.